Statistics for EUROS WINNERS

Click here to take the quiz!

General Stats

  • This quiz has been taken 8 times
  • The average score is 14 of 15

Answer Stats

YearWinners% Correct
1964 | 2008 | 2012Spain
100%
1972 | 1980 | 1996Germany
100%
1984 | 2000France
100%
1988Netherlands
100%
2004Greece
100%
2016Portugal
100%
1960Russia
88%
1968Italy
88%
1976Czech
88%
1992Denmark
75%

Score Distribution

Percentile by Number Answered

Percent of People with Each Score

Your Score History

You have not taken this quiz